000 00953nac a22003017a 4500
001 BR0707490
003 BR-BrBNA
005 20240105123528.0
008 230509b bl.|||m| |||| 00| 0 por d
040 _aBR-BrBNA
_bpor
_cBiblioteca Nacional de Agricultura
072 _aE16
090 _aE16 BR0707490
100 1 _aChaib Filho, H.
100 1 _aGaragorry, F.L.
100 1 _aMachado Júnior, J.R.R.
110 1 _aEMBRAPA Cerrados, Planaltina, DF (Brasil)
245 1 _aRepresentação da área do cerrado por municípios e microrregiões geográficas
260 3 _aPlanaltina, DF (Brasil):
_c2002.
300 _a8 p.
490 _aComunicado Técnico - EMBRAPA Cerrados (Brazil)
_vno. 76
_xISSN 1517-1469
500 _a5 ref.
650 _aAGRICULTURA
650 _aESTATÍSTICA AGRÍCOLA
650 _aESTATÍSTICA DE PRODUÇÃO
650 _aCERRADO
909 _a202312
_bLúcia Elande
_c55
_dLúcia Elande
942 _2AGRIS
_n0
_cMS
999 _c295870
_d295870